000 005320000a22001810004500
003 MACL
005 20160318162622.0
008 160318b xxu||||| |||| 00| 0 eng d
040 _aMACL
_cMACL
041 _aHindi
082 _a920
100 _aसरल श्रीकृष्‍ण
_947269
245 _aनेताजी सुभाष दर्शन
260 _bजन कल्‍याण प्रकाशन
_aउज्‍जैन
350 _a125
650 _aBiography
_947270
942 _cHIN
_k920
_2ddc
999 _c26525
_d26525